| 000 | 00479nam a2200169Ia 4500 | ||
|---|---|---|---|
| 008 | 230711s9999||||xx |||||||||||||| ||und|| | ||
| 020 | _a81-8189-231-3 | ||
| 041 | _aENG | ||
| 082 |
_a631.422 _bSA-I |
||
| 100 | _aChand, Subhash | ||
| 245 | 0 | _aIntergrated Nutrient Management for Sustaining Crop Productivity and Soil Health | |
| 260 |
_c2008 _aLucknow _bInternational Book Distributing Co. |
||
| 300 | _a110p. | ||
| 650 | _aAgriculture | ||
| 700 | _aSona Muthu,K | ||
| 942 | _cBK | ||
| 999 |
_c7571 _d7571 |
||